Неделя науки и образования в интересах мира и развития. Итоговые материалы
Данное издание представляет собой вторую часть сборника, в которую вошли материалы по итогам мероприятий «Недели науки и образования в интересах мира и развития». События Недели прошли в ФГБОУ ВО «Московский педагогический государственный университет» в период с 26 ноября по 2 декабря 2017 года в ра...
Сохранить в:
| Формат: | Книга |
|---|---|
| Язык: | Russian |
| Опубликовано: |
Москва
МПГУ
2018
|
| Online-ссылка: | https://e.lanbook.com/book/122324 https://e.lanbook.com/img/cover/book/122324.jpg |
| Метки: |
Добавить метку
Нет меток, Требуется 1-ая метка записи!
|
| LEADER | 02382nam0a2200253 i 4500 | ||
|---|---|---|---|
| 001 | 122324 | ||
| 003 | RuSpLAN | ||
| 005 | 20221220174031.0 | ||
| 008 | 221220s2018 ru gs 000 0 rus | ||
| 020 | |a 978-5-4263-0631-8 | ||
| 040 | |a RuSpLAN | ||
| 041 | 0 | |a rus | |
| 044 | |a ru | ||
| 080 | |a 72+74я431 | ||
| 084 | |a 37+00(043.2) |2 rubbk | ||
| 245 | 0 | 0 | |a Неделя науки и образования в интересах мира и развития. Итоговые материалы |
| 260 | |a Москва |b МПГУ |c 2018 | ||
| 300 | |a 110 с. | ||
| 504 | |a Библиогр.: доступна в карточке книги, на сайте ЭБС Лань | ||
| 520 | 8 | |a Данное издание представляет собой вторую часть сборника, в которую вошли материалы по итогам мероприятий «Недели науки и образования в интересах мира и развития». События Недели прошли в ФГБОУ ВО «Московский педагогический государственный университет» в период с 26 ноября по 2 декабря 2017 года в рамках торжественных мероприятий, посвященных 145-летию вуза, и были приурочены к 25-летию Программы УНИТВИН/Кафедры ЮНЕСКО в Российской Федерации. В этой части собраны приветствия, поступившие в адрес участников, итоговые резолюции, а также тезисы участников мероприятий, не вошедшие в первую часть. Материалы освещают разные аспекты международного и межкультурного образования с акцентом на вопросы подготовки научно-педагогических кадров и предназначены для широкого круга читателей. | |
| 521 | 8 | |a Книга из коллекции МПГУ - Психология. Педагогика | |
| 856 | 4 | |u https://e.lanbook.com/book/122324 | |
| 856 | 4 | 8 | |u https://e.lanbook.com/img/cover/book/122324.jpg |
| 953 | |a https://e.lanbook.com/img/cover/book/122324.jpg | ||